Tierra de encanto y maravilla

Gespeichert in:
Bibliographische Detailangaben
1. Verfasser: Villaespesa, F. Autor
Format: keine Angabe
Sprache:Spanisch
Erschienen: Barcelona Ramón Sopena 1918
Katalog:MANES:  Suchergebnis im Bibliothekskatalog
Schulbuchspezifische Eigenschaften:
Schriftenreihe:Biblioteca Sopena
Schlagworte:
Tags: Tag hinzufügen
Keine Tags, Fügen Sie den ersten Tag hinzu!
Hinzugefügt zu:26.04.2016

MARC

LEADER 000000000a22000000004500
001 16852
003 OSt
008 160427s sp ||||| |||| 00| 0 spa d
041 1 |a spa 
040 |c centro_manes 
655 7 |a Primaria  |9 4 
100 1 |a Villaespesa, F.  |b Autor  |9 11257 
245 0 0 |a Tierra de encanto y maravilla 
260 3 |a Barcelona  |b Ramón Sopena  |c 1918 
300 |a 263p  |c 18 * 11 cm 
440 |a Biblioteca Sopena  |9 12467 
500 |a ILUSTRACIONES: No contiene. ENCUADERNACIÓN: Cartoné. DESCRIPCIÓN CONTENIDO: Lectura. PALABRAS CLAVE: Texto. NéMERO EJEMPLARES: 1. Nº TOPOGRÁFICO: 1326. CONSERVACIÓN: Buena. 
650 7 |9 20  |a Escritura y Lectura 
942 |2 ddc  |c BK 
546 |a España 
999 |c 22821  |d 22821 
999 |c manes:22821  |d 22821